00931nas a2200289 4500001001300000003000900013005001700022007000300039008003400042040005400076041000900130072000800139100001500147100002200162100001200184100002000196100001700216245008200233246008800315650002200403650002000425650001700445650002900462650002400491650001000515773011600525BR2012001983BR-BrBNA20231205120321.0ta230509b bl.|||p| |||| 00| 00por d aBR-BrBNAbporcBiblioteca Nacional de Agricultura a(Pt) aF041 aGoes, R.J.1 aRodrigues, R.A.F.1 aArf, O.1 aArruda, O.G. de1 aVilela, R.G.1 aFontes e doses de nitrogênio em cobertura, no sorgo granífero na safrinha1 aSources and nitrogen rates in coverage at the grain sorghum in the intercrop season aSORGO GRANÍFERO aSORGHUM BICOLOR aADUBAÇÃO aFERTILIZANTE NITROGENADO aSULFATO DE AMÔNIA aUREIA0 tRevista Brasileira de Milho e Sorgo (Brazil)xISSN 1676-689Xg(May-Aug 2011), v. 10(2) p. 121-129wBR2012001983